000 00322nam a2200145Ia 4500
100 _aZbar/ P.B.
250 _a7
942 _cBK
654 _aelectronics
245 _aBasic Electronics:Text lab manual
260 _bTata Mc Graw hill
_aNew Delhi
_c1994
082 _a621.381
_bZBA
300 _a381
546 _aENGLISH
999 _c27018
_d27018